[Event "Araruta tem seu dia de mingau!"]
[Site "http://www.queenalice.com/game.php?id=779507"]
[Date "2010.5.23"]
[Round "-"]
[White "Attia"]
[Black "ReiNato"]
[Result "0-1"]
[WhiteElo "1580"]
[BlackElo "1705"]

1. e4 c6 2. d4 e6 3. Nc3 Ne7 4. Bg5 f6 5. Bf4 Ng6 6. Qh5 Ba3 7. O-O-O Be7 8. Bc4
O-O 9. Bg3 d5 10. exd5 exd5 11. Bb3 a5 12. a3 b5 13. Nf3 f5 14. Ne5 Nxe5 15.
Bxe5 Bf6 16. Rde1 Nd7 17. Nxd5 Kh8 18. Nxf6 Nxf6 19. Bxf6 Qxf6 20. Re8 Bb7 21.
Rxf8+ Rxf8 22. Re1 g6 23. Qe2 Qxd4 24. Qe7 Qf4+ 25. Kb1 Qb8 26. Qe5+ Qxe5 27.
Rxe5 b4 28. axb4 axb4 29. Rc5 Re8 30. c3 bxc3 31. Rxc3 c5 32. Rxc5 Be4+ 33. Bc2
Bxg2 34. b4 Re1+ 35. Kb2 Re2 36. b5 Rxf2 37. b6 Be4 38. Rc8+ Kg7 39. Rc7+ Kh6
40. b7 Bxb7 41. Rxb7 Rxh2 42. Kc3 Kg5 43. Ba4 f4 44. Bc6 Kg4 45. Bd7+ Kg3 46.
Kd4 h6 47. Ke4 Re2+ 48. Kd3 Re7 49. Bc6 Rxb7 50. Bxb7 h5 51. Bh1 h4 52. Ke2 h3
53. Kf1 h2 54. Bg2 f3 55. Bh1 g5 56. Ke1 g4 57. Kf1 Kf4 58. Kf2 g3+ 59. Kf1 Kg4
0-1

[Event "Eh no"]
[Site "http://www.queenalice.com/game.php?id=783829"]
[Date "2010.6.1"]
[Round "-"]
[White "diablero"]
[Black "Attia"]
[Result "1-0"]
[WhiteElo "1873"]
[BlackElo "1610"]

1. e4 e5 2. f4 exf4 3. Nf3 Nf6 4. e5 Qe7 5. Nc3 d5 6. d4 Ne4 7. Nxd5 Qd7 8. Nxf4
Bb4+ 9. c3 Nxc3 10. bxc3 Bxc3+ 11. Bd2 Bxa1 12. Qxa1 O-O 13. Bd3 Nc6 14. O-O b6
15. Bb5 a6 16. Bc4 b5 17. e6 fxe6 18. Bxe6+ Qxe6 19. Nxe6 Bxe6 20. Re1 1-0

[Event "Let's Play Chess!"]
[Site "http://www.queenalice.com/game.php?id=784657"]
[Date "2010.6.3"]
[Round "-"]
[White "Pater"]
[Black "Attia"]
[Result "1-0"]
[WhiteElo "1542"]
[BlackElo "1602"]

1. d4 d5 2. e4 dxe4 3. Nc3 Nf6 4. f3 exf3 5. Qxf3 e6 6. Bf4 Bd6 7. O-O-O O-O 8.
Bd3 Nc6 9. Nge2 Bd7 10. Rhe1 e5 11. dxe5 Bxe5 12. Bxe5 Nxe5 13. Qxb7 Nxd3+ 14.
Rxd3 Qc8 15. Qxc8 Raxc8 16. Red1 h6 17. Nd5 Bg4 18. Nxf6+ gxf6 19. Rg3 h5 20. h3
Rfe8 21. Nf4 Kh7 22. hxg4 h4 23. Rgd3 Rg8 24. Rd7 Rxg4 25. Rxf7+ Kg8 26. Rxf6
Rf8 27. Rg6+ Rxg6 28. Nxg6 1-0

[Event "AUTO-OPEN-2000"]
[Site "http://www.queenalice.com/game.php?id=785340"]
[Date "2010.6.4"]
[Round "1"]
[White "Cuti"]
[Black "Attia"]
[Result "1-0"]
[WhiteElo "1888"]
[BlackElo "1556"]

1. d4 d5 2. Nc3 Nf6 3. e3 Bf5 4. g3 Nc6 5. Bg2 e6 6. a3 Be7 7. Nge2 O-O 8. O-O
h6 9. h3 Ne4 10. g4 Bg6 11. f4 f5 12. Nxe4 fxe4 13. c4 dxc4 14. Nc3 1-0

[Event "AUTO-OPEN-2000"]
[Site "http://www.queenalice.com/game.php?id=785341"]
[Date "2010.6.4"]
[Round "1"]
[White "Attia"]
[Black "Cuti"]
[Result "0-1"]
[WhiteElo "1553"]
[BlackElo "1891"]

1. d4 d5 2. Nc3 e6 3. Nf3 c5 4. dxc5 Bxc5 5. e3 Nf6 6. Be2 O-O 7. Bd2 Nc6 8. O-O
a6 9. Bd3 b5 10. a3 e5 11. Re1 e4 12. Be2 exf3 13. Bxf3 Re8 14. b4 Be7 0-1

[Event "AUTO-OPEN-2000"]
[Site "http://www.queenalice.com/game.php?id=785368"]
[Date "2010.6.4"]
[Round "1"]
[White "Lorfman"]
[Black "Attia"]
[Result "1-0"]
[WhiteElo "2752"]
[BlackElo "1599"]

1. e4 e5 2. Nf3 Nc6 3. Bc4 h6 4. c3 Nf6 5. d3 d5 6. exd5 Nxd5 7. Qb3 Na5 8. Qa4+
Nc6 9. Nxe5 a6 10. Nxc6 Qd7 11. Bxd5 Qxd5 12. Ne5+ c6 13. Qe4 Qxe4+ 14. dxe4 Be7
15. O-O O-O 16. Be3 Be6 17. Nd2 f6 18. Ng6 Rfe8 19. Nxe7+ Rxe7 20. f3 g5 21. f4
Rg7 22. fxg5 fxg5 23. Rf6 Bd7 24. Rxh6 g4 25. Rf1 g3 26. hxg3 Rxg3 27. Bd4 Rf8
28. Rh8# 1-0

[Event "AUTO-OPEN-2000"]
[Site "http://www.queenalice.com/game.php?id=785369"]
[Date "2010.6.4"]
[Round "1"]
[White "Attia"]
[Black "Lorfman"]
[Result "0-1"]
[WhiteElo "1612"]
[BlackElo "2757"]

1. d4 Nf6 2. Nc3 d5 3. Bg5 Nbd7 4. e3 e6 5. Bb5 c6 6. Be2 Qa5 7. Nf3 Ba3 8. Qd2
Bxb2 9. Nd1 Qxd2+ 10. Nxd2 Bxa1 11. Nb3 Ne4 12. Bf4 Bc3+ 13. Nxc3 Nxc3 14. Bd3
Nxa2 15. O-O b6 16. e4 Nb4 17. exd5 Nxd3 18. cxd3 cxd5 19. Nc1 a5 20. Na2 Ba6
21. Rd1 Ke7 22. h3 Rhc8 0-1

[Event "AUTO-OPEN-2000"]
[Site "http://www.queenalice.com/game.php?id=785388"]
[Date "2010.6.4"]
[Round "1"]
[White "Attia"]
[Black "WeirdGoblin"]
[Result "0-1"]
[WhiteElo "1581"]
[BlackElo "2207"]

1. e4 e6 2. Nc3 d5 3. d4 Nf6 4. e5 Nfd7 5. Bf4 c5 6. Nf3 Nc6 7. dxc5 Bxc5 8. Bb5
Qb6 9. Qe2 a6 10. Ba4 Qxb2 11. O-O Qxc3 12. Bb3 Nd4 13. Nxd4 Qxd4 14. Rad1 Qxf4
15. a4 O-O 16. Rd3 f6 17. exf6 Nxf6 18. Rf3 Qe4 19. Qd3 Qxd3 20. Rxd3 Ne4 21.
Re1 Bxf2+ 22. Kf1 Bxe1+ 23. Kxe1 Bd7 24. h3 Rf2 25. g4 Raf8 0-1

[Event "AUTO-OPEN-2000"]
[Site "http://www.queenalice.com/game.php?id=785389"]
[Date "2010.6.4"]
[Round "1"]
[White "WeirdGoblin"]
[Black "Attia"]
[Result "1-0"]
[WhiteElo "2195"]
[BlackElo "1571"]

1. d4 d5 2. c4 dxc4 3. e3 Nf6 4. Bxc4 Nc6 5. Nc3 Bf5 6. Qb3 e6 7. Nf3 Nb4 8. e4
Nxe4 9. O-O Be7 10. a3 Nxc3 11. bxc3 Nd3 12. Be3 Bg4 13. Bxd3 Bxf3 14. gxf3 O-O
15. Qxb7 Rb8 16. Qe4 g6 17. Bh6 Re8 18. a4 Bg5 19. Bxg5 Qxg5+ 20. Kh1 h5 21. Rg1
Qh6 22. Rg2 h4 23. Rag1 Kf8 24. Qe5 Rb2 25. Rxg6 Qd2 26. Qc5+ Re7 27. Rg8# 1-0

[Event "NajiaH 2010"]
[Site "http://www.queenalice.com/game.php?id=785753"]
[Date "2010.6.5"]
[Round "-"]
[White "LUKK22"]
[Black "Attia"]
[Result "1-0"]
[WhiteElo "2419"]
[BlackElo "1577"]

1. g4 e5 2. Bg2 d5 3. c4 d4 4. d3 c5 5. Qb3 Nc6 6. g5 Bd6 7. Nf3 Bg4 8. Qxb7
Nce7 9. Nxd4 exd4 10. Qxa8 Qxa8 11. Bxa8 f6 12. Nd2 fxg5 13. Ne4 Bc7 14. Bxg5 h6
15. Bc1 Nf6 16. Nxc5 O-O 17. Bg2 1-0

[Event "Let's Play Chess!"]
[Site "http://www.queenalice.com/game.php?id=786524"]
[Date "2010.6.6"]
[Round "-"]
[White "constantin"]
[Black "Attia"]
[Result "1-0"]
[WhiteElo "1790"]
[BlackElo "1585"]

1. e4 e5 2. f4 exf4 3. Nf3 d6 4. Bc4 h6 5. O-O Nc6 6. d3 Nf6 7. Bxf4 Bg4 8. Re1
Be7 9. h3 Bh5 10. Nbd2 Nd4 11. c3 Nxf3+ 12. gxf3 O-O 13. Re2 Bg6 14. Rg2 c6 15.
Rxg6 d5 16. Rxf6 Bxf6 17. exd5 cxd5 18. Bb3 Bg5 19. Bxg5 Qxg5+ 20. Kf1 Qg3 21.
Qe2 Qxh3+ 22. Qg2 Qxg2+ 23. Kxg2 Rfe8 24. Kf2 Re5 25. d4 Rf5 26. Re1 Rd8 27. Re7
h5 28. Nf1 g5 29. Ng3 Rf6 30. Nxh5 Rf5 31. Kg3 Rd6 32. Kg4 Kf8 33. Rxb7 Rh6 34.
Kxf5 Rxh5 35. Kf6 Rh3 36. Rb8# 1-0

[Event "Let's Play Chess!"]
[Site "http://www.queenalice.com/game.php?id=786525"]
[Date "2010.6.6"]
[Round "-"]
[White "Attia"]
[Black "constantin"]
[Result "0-1"]
[WhiteElo "1579"]
[BlackElo "1790"]

1. d4 d5 2. Nc3 a6 3. e4 e6 4. Nh3 h6 5. Bd3 Bb4 6. Bd2 Bxc3 7. Bxc3 dxe4 8.
Bxe4 Nf6 9. Bd3 Bd7 10. Qf3 c6 11. O-O-O Nd5 12. Bd2 Bc8 13. Rde1 O-O 14. c4 Nf6
15. Qg3 Ne8 16. Bxh6 Qxd4 17. Bc2 Nd7 18. Be3 Qxc4 19. Kb1 Ndf6 20. Qh4 Qxh4 0-1

[Event "Challenge"]
[Site "http://www.queenalice.com/game.php?id=791197"]
[Date "2010.6.16"]
[Round "-"]
[White "vercelli"]
[Black "Attia"]
[Result "1-0"]
[WhiteElo "1779"]
[BlackElo "1588"]

1. d4 d5 2. c4 dxc4 3. Nf3 e6 4. e4 Nc6 5. Bxc4 Nf6 6. Nc3 Bb4 7. O-O O-O 8. Bg5
Be7 9. e5 Nd5 10. Bd2 Bb4 11. Qc2 Nxc3 12. bxc3 Ba3 13. Qe4 Na5 14. Bd3 g6 15.
Bh6 Re8 16. Qf4 c6 17. Ng5 Re7 18. Qf6 1-0

[Event "Let's Play Chess!"]
[Site "http://www.queenalice.com/game.php?id=793975"]
[Date "2010.6.24"]
[Round "-"]
[White "Attia"]
[Black "Panzer85"]
[Result "1-0"]
[WhiteElo "1569"]
[BlackElo "1564"]

1. e4 e5 2. Nf3 d5 3. Nxe5 dxe4 4. d3 Bf5 5. Nc3 Nf6 6. Bg5 c6 7. Qe2 Be7 8. Bf4
Bg4 9. Nxg4 Bb4 10. g3 Nxg4 11. Qxg4 g6 12. Bxb8 Rxb8 13. Qxe4+ Be7 14. Bg2 O-O
15. O-O b5 16. a3 a5 17. Qxc6 Re8 18. Nxb5 Rc8 19. Qf3 Rxc2 20. Rfc1 Rxb2 21.
Bh3 Rxb5 22. Rc8 Qd6 23. Rxe8+ Kg7 24. Re1 Bf6 25. Qa8 Qxd3 26. Rg8+ Kh6 27.
Qf8+ Kg5 28. Qxf7 Kh5 29. Qxh7+ Kg5 30. f4# 1-0

[Event "Challenge"]
[Site "http://www.queenalice.com/game.php?id=795535"]
[Date "2010.6.27"]
[Round "-"]
[White "Scaracioli"]
[Black "Attia"]
[Result "0-1"]
[WhiteElo "1567"]
[BlackElo "1575"]

1. e4 e5 2. Nf3 Nc6 3. d4 exd4 4. Nxd4 d6 5. Bb5 Bd7 6. c3 Nf6 7. f3 Be7 8. b4
Nxd4 9. Bxd7+ Nxd7 10. Qxd4 O-O 11. Bb2 Bh4+ 12. g3 Bf6 13. Qd2 Ne5 14. O-O a6
15. Na3 Qd7 16. Rad1 b5 17. Nc2 Qh3 18. Qe2 Rfe8 19. Ne3 Qh6 20. a3 Qg6 21. Nd5
Bd8 22. Bc1 c6 23. Nf4 Qf6 24. Rf2 Nc4 25. Qd3 Bb6 26. Nh5 Bxf2+ 27. Kxf2 Qg6
28. g4 Qe6 29. Nf4 Qe5 30. Ng2 Qxh2 31. Rg1 Re6 32. Qf1 Rf6 33. Rh1 Qe5 34. Qd3
Rd8 35. Bf4 Qe8 36. Re1 h6 37. Ne3 Rxf4 38. Nxc4 bxc4 39. Qxc4 Ra8 40. a4 a5 41.
b5 cxb5 42. axb5 Qe5 43. b6 Qf6 44. Re3 Qd8 45. Qd5 Ra6 46. c4 Qxb6 47. Kg3 Qxe3
48. Qd1 a4 49. c5 dxc5 50. Qd8+ Kh7 51. Qd1 Qxf3+ 52. Qxf3 Rxf3+ 53. Kxf3 a3 54.
e5 a2 0-1

[Event "Aachen"]
[Site "http://www.queenalice.com/game.php?id=822212"]
[Date "2010.8.24"]
[Round "-"]
[White "digger"]
[Black "Attia"]
[Result "1-0"]
[WhiteElo "1558"]
[BlackElo "1551"]

1. e4 e5 2. c4 Nc6 3. d3 Nf6 4. Nc3 Be7 5. Be3 O-O 6. Nf3 d6 7. d4 Bg4 8. h3 Bh5
9. g4 Bg6 10. d5 Nd4 11. Bxd4 exd4 12. Nxd4 Nxe4 13. Rc1 Bh4 14. Nxe4 Bxe4 15.
Rg1 Re8 16. Qd2 Bg5 17. f4 Bh4+ 18. Kd1 Bf3+ 19. Nxf3 c6 20. g5 1-0

[Event "Let's Play Chess!"]
[Site "http://www.queenalice.com/game.php?id=843810"]
[Date "2010.10.10"]
[Round "-"]
[White "BIBIU16"]
[Black "Attia"]
[Result "1-0"]
[WhiteElo "1764"]
[BlackElo "1535"]

1. Nc3 e6 2. b3 d6 3. Bb2 Nf6 4. e4 Be7 5. Nf3 O-O 6. Be2 Nc6 7. O-O e5 8. d4
exd4 9. Nxd4 Nxd4 10. Bd3 Bg4 11. f3 Bh5 12. Nd5 Nc6 13. Nxe7+ Qxe7 14. Qd2 Rfd8
15. Qg5 Bg6 16. Bxf6 Qxf6 17. Qxf6 gxf6 18. f4 1-0